My secret life as a ping-pong wizard

Bibliographic Details
Main Author: Winkler, Henry
Other Authors: Oliver, Lin
Format: Book
Published: New York : Grosset & Dunlap , 2005
Series:Hank Zipzer
Subjects:

MARC

LEADER 00000cam a2200000 7i4500
001 0000011128
005 20151222.0
008 071107
020 |a 044843749X 
090 0 0 |a JF   |b ENG (8748) 
100 1 |a Winkler, Henry 
245 1 0 |a My secret life as a ping-pong wizard   |c Henry Winkler and Lin Oliver 
260 |a New York :   |b Grosset & Dunlap ,   |c 2005 
440 |a Hank Zipzer 
500 |a Children ages 7-9 years old (orange) 
650 0 |a English fiction 
650 0 |a Schools   |x Fiction 
700 1 |a Oliver, Lin 
999 |a 0000999703   |b Book   |c Children Collection   |e Cawangan Tmn. Ungku Tun Aminah 
999 |a 0000999704   |b Book   |c Children Collection   |e Perbadanan Perpustakaan Awam Johor 
999 |a 0000999705   |b Book   |c Children Collection   |e Perbadanan Perpustakaan Awam Johor